000 00392nam a22001457a 4500
020 _a9780070495098
040 _cNUST
082 _a621.4022 CEN
100 _aCengel, Yunus A
245 _aHeat Transfer:
_bA Practical Approach
250 _a2th Edition
260 _aNew Delhi:
_bTata McGraw-Hill Publishing Company Limited,
_c2003.
650 _aHeat Transfer
_930250
942 _2ddc
_cBK
999 _c595612
_d595612